Tour De France 2019 Teams - Statistics

General Stats
  • This quiz has been taken 75 times
  • The average score is 7 of 22
Answer Stats
Hint Answer % Correct
Peter Sagan Bora Hansgrohe
65%
Geraint Thomas Team Ineos
65%
Roman Bardet AG2R La Mondiale
59%
Caleb Evan Lotto Soudal
52%
Vincenzo Nibali Bahrain Merida
48%
Richie Porte Trek Segafredo
41%
Thibaut Pinot Groupama FDJ
40%
Nairo Quintana Movistar Team
33%
Greg Van Avermaet CCC Team
32%
Julian Alaphilippe Deceuninck Quick Step
32%
Adam Yates Mitchelton Scott
30%
Steven Kruijswijk Team Jumbo Visma
30%
Jakob Fuglsan Astana Pro Team
29%
Rigoberto Uran EF Education First
29%
Michael Matthews Team Sunweb
29%
Lilian Calmejane Total Direct Energie
25%
Edvald Boasson Hagen Team Dimension Data
24%
Daniel Martin UAE Team Emirates
21%
Warren Barguil Team Arkea Samsic
19%
Ilnur Zakarin Team Katusha Alpecin
19%
Christophe Laporte Cofidis Solutions Credits
14%
Guillaume Martin Wanty Gobert Cycling Team
6%
No matching quizzes found
Score Distribution
Percent of People with Each Score
Percentile by Number Answered
Your Score History
You have not taken this quiz